Mechanics of materials (Record no. 6912)

000 -LEADER
fixed length control field 00506nam a2200205 a 4500
001 - CONTROL NUMBER
control field 6912
003 - CONTROL NUMBER IDENTIFIER
control field BD-DhUET
008 - FIXED-LENGTH DATA ELEMENTS--GENERAL INFORMATION
fixed length control field 750825s1976 nyua bi 001 0 eng
040 ## - CATALOGING SOURCE
Original cataloging agency DLC
Transcribing agency DLC
Modifying agency BD-DhUET
082 00 - DEWEY DECIMAL CLASSIFICATION NUMBER
Classification number 620.11
Item number POP/1976
100 ## - MAIN ENTRY--PERSONAL NAME
Personal name Popov, E. P.
245 00 - TITLE STATEMENT
Title Mechanics of materials
250 ## - EDITION STATEMENT
Edition statement 2nd ed.
260 ## - PUBLICATION, DISTRIBUTION, ETC. (IMPRINT)
Place of publication, distribution, etc. New Jersey
Name of publisher, distributor, etc. Prentice-Hall
Date of publication, distribution, etc. 1976
300 ## - PHYSICAL DESCRIPTION
Extent ix,589p.
Other physical details ill.
Dimensions 24 cm.
650 #0 - SUBJECT ADDED ENTRY--TOPICAL TERM
Topical term or geographic name as entry element Strength of materials
700 ## - ADDED ENTRY--PERSONAL NAME
Personal name Nagarajan, S.
700 ## - ADDED ENTRY--PERSONAL NAME
Personal name Lu, Z. A.
942 ## - ADDED ENTRY ELEMENTS (KOHA)
Koha item type General Book
Holdings
Koha date last borrowed Date acquired Piece designation (barcode) Sublocation or collection (holding branch) Koha full call number Source of classification or shelving scheme Price effective from Copy number Location (home branch) Koha normalized classification for sorting Koha item type Lost status Koha date last seen Damaged status Koha issues (times borrowed) Not for loan Shelving location Withdrawn status
2023-12-022014-12-0666175Central Library, BUET620.11/POP/1976 2014-12-061Central Library, BUET620_110000000000000_POP_1976General Book 2023-12-17 2 Circulation section 
 2014-12-0721010Central Library, BUET620.11/ POP/1976 2014-12-072Central Library, BUET620_110000000000000_POP_1976General Book 2014-12-07   Circulation section 
2023-12-112014-12-077885Central Library, BUET620.11/POP/1976 2014-12-073Central Library, BUET620_110000000000000_POP_1976General Book 2024-01-16 1 Circulation section 
 2015-06-3045480Central Library, BUET620.11/POP/1976 2015-06-304Central Library, BUET620_110000000000000_POP_1976Reading Item 2015-06-30   Reading section